Les couleurs... - Statistiques

Statistiques générales
  • Ce quiz a été pris 159 fois
  • Le résultat moyen est 27 sur 45
Statistiques - réponses
Question Indices Réponse % Correct
Une couleur primaire ? 3 possibilités Jaune | Rouge | Bleu
98%
J'autorise, je donne le feu 1 mot vert
98%
Si on mélange du bleu et du jaune on obtient un V Vert
98%
Citer une couleur que voient les insectes 3 possibilités Jaune | Bleu | Ultraviolet
96%
Quelle couleur prend-t-on sous l'effet de la colère ou de la honte 1 mot rouge
96%
Les couleurs dites froides sont à base de 1 mot Bleu
95%
Les pieuvres et la calamars ne voient que le 1 mot Bleu
95%
Si une personne est douée en cuisine, c'est un cordon 1 mot bleu
95%
La couleur la plus lumineuse est le 1 mot Jaune
94%
Rire de façon forcée, c'est rire 1 mot jaune
94%
Une couleur primaire d'imprimante ? 3 possibilités Jaune | Magenta | Cyan
94%
Si on mélange du rouge et du blkeu on obtient un V Violet
91%
Pour foncer une couleur on ajouter du 1 mot Noir
90%
Je suis innocent, je suis **** comme neige 1 mot blanc
89%
Si on mélange du rouge et du jaune on obtient un O Orange
89%
Optimiste, je vois la vie en 1 mot rose
89%
Deux couleurs voisines sont complémentaires ? écrire vrai ou faux Faux
88%
Le vert est complémentaire du bleu ? écrire vrai ou faux Faux
88%
Le blanc est l'association de toutes les couleurs écrire vrai ou faux Vrai
85%
Le jaune est complémentaire du violet ? écrire vrai ou faux Vrai
85%
Le noir est l'absence de couleurs écrire vrai ou faux Vrai
85%
Si une personne est douée pour le jardinage, elle a la main 1 mot verte
82%
Une grosse frayeur est une peur 1 mot bleue
80%
Combien de couleurs voient les poissons, les chats et les chiens 1 chiffre 2
71%
Maladie qui engendre une confusion des couleurs 1 mot daltonisme
68%
Turquoise appartient à la famille des 1 mot Bleus
62%
Ajouter du gris dans une couleur c'est la... T Ternir
59%
Passage entre deux couleurs très progressif D Dégradé
54%
Bouteille appartient à la famille des 1 mot Verts
50%
Brique appartient à la famille des 1 mot Rouges
47%
Le noir et le blanc sont des couleurs.... N Neutres
46%
Citer une couleur non perçue par l'oeil humain 7 possibilités Ondes-radio | Micro-ondes | Ondes submillimétriques | Infrarouge | Ultra-violet | Rayons X | Rayons gamma
43%
Plus une couleur contient de jaune plus elle est... C Chaude
27%
Procédé pictural utilisant plusieurs nuances de la même famille de couleur C Camaïeu
18%
Qui a utilisé un prisme pour établir les 6 couleurs du spectre 1642-1727 Newton
12%
Une couleur tertiaire ? 6 possibilités Jaune orangé | Rouge orangé | Rouge violacé | Violet bleuté | Vert bleuté | Jaune verdâtre
11%
Quel artiste s'est fait connaitre par ses monochromes 1928-1962 Klein
11%
Quel artiste néerlandais utilisait beaucoup les couleurs primaires ? 1872-1944 Mondrian
5%
Capucine est un 2 mots Rouge orangé
5%
Indigo est un 2 mots Bleu violacé
3%
Une couleur secondaire est obtenue par le mélange de deux couleurs primaires à 2 mots parts égales
3%
Pourpre est un 2 mots Rouge violacé
3%
Quand on fonce une couleur on obtient un ton R Rompu
2%
Chartreuse est un 2 mots Jaune verdâtre
1%
Quand on éclaircit une couleur on obtient un ton R Rabattu
1%
Aucun quiz correspondant
Distribution des résultats
% des personnes avec chaque résultat
Percentile par nombre de réponses
Votre historique - résultats
Vous n’avez pas pris ce quiz